000 00540nam a2200181Ia 4500
005 20250508150743.0
008 008 250505s9999 xx 000 0 eng d
037 _aTextual
040 _aFEDL
_beng
_cFEDL
041 _aeng
_2eng
084 _a822.91, SHA
_qFEDL
100 _aShaw Bernard
245 0 _aPlays pleasant: Arms and the man candida the man of destiny you never can tell
260 _aHarmondsworth
_bPenguin Books
_c1949
300 _axix,348p.
942 _cTEXL
_h822.91, SHA
999 _c1325461
_d1325461